000 01902nam0a2200325 4500
001 RU\NLR\BIBL_A\012038200
005 20210518123721.0
010 _a978-5-7677-2875-6
_9100
021 _aRU
_bКН-П-19-037333
_9КН-П-19-2741
035 _a(NLR Aleph) 012038200
035 _a(RuMoRGB)009990059
090 _a11586250
_c11586250
100 _a20190618d2019 u y0rusy50 ca
101 0 _arus
102 _aRU
105 _ay z 000z
200 1 _aБезопасность жизнедеятельности
_eучебное пособие
_fН. Н. Пьянзина, Т. Н. Петрова, А. И. Пьянзин
_gМинистерство науки и высшего образования Российской Федерации, Федеральное государственное бюджетное образовательное учреждение высшего образования "Чувашский государственный университет имени И. Н. Ульянова"
210 _aЧебоксары
_cИзд-во Чувашского университета
_d2019
215 _a119 с.
_d21
320 _aБиблиогр.: с. 118 (11 назв.)
606 1 _aБезопасность жизнедеятельности
_jУчебные издания для высших учебных заведений
_91373082
_3RU\NLR\AUTH\66261709
686 1 _aЦ69,6(2Р)0я73-1
700 1 _aПьянзина
_bН. Н.
_gНадежда Николаевна
701 1 _7ca
_8rus
_aПетрова
_bТ. Н.
_cканд. пед. наук, физ. культура
_f1974-
_gТатьяна Николаевна
_9218009
_3RU\NLR\AUTH\770218065
701 1 _aПьянзин
_bА. И.
_gАндрей Иванович
942 _cBOOK
980 _aNBR
980 _aNB